Online Catalogue and eLibrary

India, Sri Lanka, and the ethnic war / (Record no. 417)

MARC details
000 -LEADER
fixed length control field 00615cam a2200205 a 4500
001 - CONTROL NUMBER
control field 15515300
005 - DATE AND TIME OF LATEST TRANSACTION
control field 20240216055957.0
008 - FIXED-LENGTH DATA ELEMENTS--GENERAL INFORMATION
fixed length control field 080904s2008 ii 000 0 eng
020 ## - INTERNATIONAL STANDARD BOOK NUMBER
ISBN 9788187374589 (t.p. verso)
020 ## - INTERNATIONAL STANDARD BOOK NUMBER
ISBN 8187374589 (jkt.)
040 ## - CATALOGING SOURCE (பட்டியலாக்க மூலம்)
Original cataloging agency DLC
Transcribing agency DLC
082 ## - DDC Classification
DDC Edition Number 22
Class No. 320.
Item Number - Author Mark IND.
100 1# - MAIN ENTRY--PERSONAL NAME
Personal name Moorthy, Sathya N.
245 10 - TITLE STATEMENT
Title India, Sri Lanka, and the ethnic war /
Statement of responsibility, etc. N. Sathiya Moorthy.
260 ## - PUBLICATION, DISTRIBUTION, ETC.
Place of publication, distribution, etc. New Delhi :
Name of publisher, distributor, etc. Saṁskṛiti in association with Observer Research Foundation,
Date of publication, distribution, etc. 2008.
300 ## - PHYSICAL DESCRIPTION
Extent (e.g. Volumes, Pages etc.) xii, 232 p. ;
650 #0 - SUBJECT ADDED ENTRY--TOPICAL TERM
Topical term or geographic name entry element Ethnic conflict
650 #0 - SUBJECT ADDED ENTRY--TOPICAL TERM
Topical term or geographic name entry element Tamil (Indic people)
942 ## - Koha item type (Biblio)
Koha item type Books in Stacks (Lending)
Holdings
Lost status Damaged status Collection code Home library Current library Date acquired Full call number Accession Number Item type
    Lending WERC Library WERC Library 02/16/2024 320. IND. 6393 Books in Stacks (Lending)

© WERC Library